Chaînes de Télévision Par Animateurs - Statistiques

Statistiques générales
  • Ce quiz a été pris 597 fois
  • Le résultat moyen est 9 sur 12
Statistiques - réponses
Par images Réponse % Correct
France 2
98%
TF1
96%
France 3
88%
C8
87%
Gulli
85%
TMC
85%
CNEWS
77%
M6
77%
France 5
72%
France 4
61%
LCI
50%
L'Équipe
44%
Aucun quiz correspondant
Distribution des résultats
% des personnes avec chaque résultat
Percentile par nombre de réponses
Votre historique - résultats
Vous n’avez pas pris ce quiz